000 01174nam a22002777a 4500
003 dpl
005 20170124103107.0
008 161129b xxu||||| |||| 00| 0 eng d
010 _aB-082780
020 _c150.00
_a8177210416
035 _aB-082780
037 _bCen Lib/Ret
040 _aDPL
_bHN
_ctit
082 _a230.1
_bराजेंद्र
100 _aराजेंद्र प्रताप सिंह
_9197
245 _a1000 महाभारत प्रश्नोत्तरी /
_cराजेंद्र प्रताप सिंह
246 _a1000 mahabharat prashnottari /
_bby Rajendra Pratap Singh
260 _aदिल्ली
_bसत्साहित्य प्रकाशन
_c2003
270 _a205-बी, चावड़ी बाजार
_bदिल्ली
_e110006
300 _a163पृ.
_c20सेमी(सजिल्द)
650 _aहिन्दू धर्म
_91413
650 _aमहाभारत -- प्रश्न
_9239
650 _aHindu religion
_978789
650 _aMahabharata - question
_978790
942 _2ddc
_cHN
_h230.1
_mराजेंद्र
999 _c118194
_d118194